Urbanisme et aménagement : Théories et débats (notice n° 1566658)

détails MARC
000 -LEADER
fixed length control field 01433cam a2200157 4500500
005 - DATE AND TIME OF LATEST TRANSACTION
control field 20251214002005.0
041 ## - LANGUAGE CODE
Language code of text/sound track or separate title fre
042 ## - AUTHENTICATION CODE
Authentication code dc
100 10 - MAIN ENTRY--PERSONAL NAME
Personal name Bognon, Sabine
Relator term author
245 00 - TITLE STATEMENT
Title Urbanisme et aménagement : Théories et débats
260 ## - PUBLICATION, DISTRIBUTION, ETC.
Name of publisher, distributor, etc. Armand Colin,<br/>
Date of publication, distribution, etc. 2020.<br/>
520 ## - SUMMARY, ETC.
Summary, etc. Longtemps considérés comme des domaines d’expertise et d’action sur l’espace, l’urbanisme et l’aménagement se renouvellent aujourd’hui notamment en réponse aux bouleversements environnementaux, politiques et socio-économiques.Ces transformations majeures entérinent le caractère incontournable de la question urbaine et s’accompagnent de l’intégration de paradigmes tels que la participation ou les approches par projet : l’urbanisme et l’aménagement échangent avec des disciplines variées pour analyser des terrains et des objets émergents. Afin d’éclairer ces tendances, cet ouvrage propose aux étudiants, chercheurs et praticiens un état des lieux des principales théories et des débats actuels en urbanisme et aménagement. Organisé de manière thématique, il a également pour ambition d’apporter des outils de réflexion qui contribuent à une nécessaire prise de distance avec l’action.
700 10 - ADDED ENTRY--PERSONAL NAME
Personal name Magnan, Marion
Relator term author
700 10 - ADDED ENTRY--PERSONAL NAME
Personal name Maulat, Juliette
Relator term author
856 41 - ELECTRONIC LOCATION AND ACCESS
Uniform Resource Identifier <a href="https://shs.cairn.info/urbanisme-et-amenagement--9782200625351?lang=fr&redirect-ssocas=7080">https://shs.cairn.info/urbanisme-et-amenagement--9782200625351?lang=fr&redirect-ssocas=7080</a>

Pas d'exemplaire disponible.

PLUDOC

PLUDOC est la plateforme unique et centralisée de gestion des bibliothèques physiques et numériques de Guinée administré par le CEDUST. Elle est la plus grande base de données de ressources documentaires pour les Étudiants, Enseignants chercheurs et Chercheurs de Guinée.

Adresse

627 919 101/664 919 101

25 boulevard du commerce
Kaloum, Conakry, Guinée

Réseaux sociaux

Powered by Netsen Group @ 2025